Normal view
MARC view
Entry Personal Name
001 - CONTROL NUMBER
- control field: 32008
003 - CONTROL NUMBER IDENTIFIER
- control field: ARRUPE
005 - DATE AND TIME OF LATEST TRANSACTION
- control field: 20170602101627.0
008 - FIXED-LENGTH DATA ELEMENTS
- fixed length control field: 170602|| aca||aabn | a|a d
040 ## - CATALOGING SOURCE
- Original cataloging agency: ARRUPE
- Transcribing agency: ARRUPE
100 ## - HEADING--PERSONAL NAME
- Personal name: Todd, Judith Garfield
670 ## - SOURCE DATA FOUND
- Source citation: Work cat.: (ARRUPE)66894: Todd, Judith Garfield, Through the darkness, 2007